[Event "4NCL Online Division 2"]
[Site "online"]
[Date "2020.05.12"]
[Round "6.114"]
[White "O'brien, Megan E"]
[Black "Hunt, Peter"]
[Result "0-1"]
[WhiteElo "1825"]
[BlackElo "2020"]
[PlyCount "98"]
[EventDate "2020.05.12"]
[WhiteTeam "Plymouth"]
[BlackTeam "MK Phoenix 1"]

1. e4 d6 2. d4 Nf6 3. Nc3 g6 4. Bc4 Bg7 5. f3 c6 6. Bb3 Nbd7 7. Nge2 O-O 8. Bg5
e5 9. d5 Nc5 10. Qd2 Qc7 11. O-O-O Nxb3+ 12. axb3 Ne8 13. h4 f5 14. h5 c5 15.
hxg6 hxg6 16. Rh2 f4 17. Qe1 Nf6 18. Bxf6 Rxf6 19. Qh4 Bd7 20. Rdh1 Kf7 21. Qg5
b5 22. Rh7 Rg8 23. R1h6 c4 24. g3 Qb6 25. Nd1 cxb3 26. c3 fxg3 27. Qxg3 b4 28.
f4 bxc3 29. Ndxc3 exf4 30. Nxf4 Qd4 31. Rxg6 Rxf4 32. Rgxg7+ Rxg7 33. Qxf4+ Qf6
34. Qxf6+ Kxf6 35. Rxg7 Kxg7 36. Kd2 Kf6 37. Ke3 Ke5 38. Ne2 a5 39. Nd4 a4 40.
Nc6+ Kf6 41. Kd4 Be8 42. Na5 Ke7 43. Nc4 Kd7 44. e5 dxe5+ 45. Nxe5+ Kd6 46.
Nc4+ Kc7 47. d6+ Kc6 48. Ke5 Bf7 49. Na5+ Kd7 0-1

[Event "4NCL Online Division 2"]
[Site "online"]
[Date "2020.05.12"]
[Round "6.121"]
[White "Wilson, David Jn."]
[Black "De Verdier, Michael"]
[Result "0-1"]
[WhiteElo "2050"]
[BlackElo "2302"]
[PlyCount "60"]
[EventDate "2020.05.12"]
[WhiteTeam "Mushrooms 1"]
[BlackTeam "Wood Green Youth"]

1. e4 c5 2. Nf3 e6 3. g3 Nc6 4. Bg2 Nf6 5. Nc3 d5 6. exd5 exd5 7. O-O d4 8. Ne2
Be7 9. d3 O-O 10. h3 Re8 11. Bf4 Nd5 12. Bd2 Be6 13. c4 dxc3 14. bxc3 Qd7 15.
d4 Bxh3 16. c4 Bxg2 17. Kxg2 Nb6 18. d5 Nxc4 19. dxc6 Qxc6 20. Rc1 b5 21. a4 a6
22. Be3 Rad8 23. Qc2 Bf6 24. Qb3 g5 25. Rxc4 bxc4 26. Qxc4 Re4 27. Qc2 g4 28.
Nf4 Rxf4 29. Bxf4 Qxf3+ 30. Kg1 Rd5 0-1

[Event "4NCL Online Division 2"]
[Site "online"]
[Date "2020.05.12"]
[Round "6.122"]
[White "Toma, Katarzyna"]
[Black "Linton, William A"]
[Result "1-0"]
[WhiteElo "2289"]
[BlackElo "2027"]
[PlyCount "49"]
[EventDate "2020.05.12"]
[WhiteTeam "Wood Green Youth"]
[BlackTeam "Mushrooms 1"]

1. e4 c5 2. Ne2 d6 3. g3 g6 4. Bg2 Bg7 5. c3 Nc6 6. d4 cxd4 7. cxd4 Bg4 8. f3
Bd7 9. Nbc3 Nf6 10. Be3 O-O 11. O-O Qa5 12. Qd2 Rac8 13. Rfc1 a6 14. a3 b5 15.
b4 Qd8 16. Rc2 e6 17. Rac1 d5 18. e5 Ne8 19. Nd1 Qb6 20. Nf2 f6 21. f4 Nc7 22.
Nd3 f5 23. Nc5 Be8 24. Nxe6 Nxe6 25. Bxd5 1-0

[Event "4NCL Online Division 2"]
[Site "online"]
[Date "2020.05.12"]
[Round "6.123"]
[White "Ortiz Sanchez, Luis"]
[Black "Stepanyan, Henrik"]
[Result "0-1"]
[WhiteElo "1982"]
[BlackElo "2237"]
[PlyCount "94"]
[EventDate "2020.05.12"]
[WhiteTeam "Mushrooms 1"]
[BlackTeam "Wood Green Youth"]

1. e4 d6 2. d4 Nf6 3. Nc3 Nbd7 4. f4 e5 5. Nf3 exd4 6. Nxd4 Nc5 7. Bd3 Be7 8.
O-O O-O 9. Kh1 c6 10. Be3 Qc7 11. Nf3 Nxd3 12. cxd3 Ng4 13. Bg1 f5 14. h3 Nf6
15. Ng5 Kh8 16. Qb3 h6 17. Nf3 Nh5 18. Bh2 fxe4 19. dxe4 Nxf4 20. Rac1 Qa5 21.
Nd4 Qg5 22. Qc2 Ng6 23. Rxf8+ Bxf8 24. Rf1 Bd7 25. Nf3 Qh5 26. Ne2 Re8 27. Ng3
Qb5 28. Nd4 Qc5 29. Qd2 d5 30. Bg1 dxe4 31. Ndf5 Qd5 32. Qc3 Bxf5 33. Nxf5 Qf7
34. Ne3 Qe6 35. Nf5 Kh7 36. Bxa7 Qxa2 37. Bc5 Qf7 38. Bd4 Ne7 39. Ne3 Qg6 40.
Ng4 Nd5 41. Qb3 b5 42. Ne5 Qe6 43. Qc2 Bd6 44. Qxe4+ Kg8 45. Re1 c5 46. Qf3
cxd4 47. Nd3 Qxe1+ 0-1

[Event "4NCL Online Division 2"]
[Site "online"]
[Date "2020.05.12"]
[Round "6.124"]
[White "Guha, Chirag"]
[Black "Davies, Neil"]
[Result "1-0"]
[WhiteElo "1807"]
[BlackElo "1937"]
[PlyCount "59"]
[EventDate "2020.05.12"]
[WhiteTeam "Wood Green Youth"]
[BlackTeam "Mushrooms 1"]

1. d4 Nf6 2. c4 c5 3. d5 e5 4. Nc3 d6 5. e4 Be7 6. g3 Nbd7 7. Bg2 O-O 8. Nge2
a6 9. a4 h6 10. O-O Nh7 11. Qd3 Bg5 12. f4 exf4 13. gxf4 Bf6 14. Ng3 Re8 15.
Be3 Ndf8 16. e5 dxe5 17. f5 Nd7 18. Nce4 Ng5 19. Bxg5 Bxg5 20. Nh5 Kh8 21. Qg3
Rg8 22. Ra3 Be7 23. d6 Bh4 24. Qg4 Rb8 25. Rh3 Bf6 26. Qg3 b5 27. Qe3 Rf8 28.
Nxg7 Bxg7 29. Rxh6+ Kg8 30. f6 1-0

[Event "4NCL Online Division 2"]
[Site "online"]
[Date "2020.05.12"]
[Round "6.131"]
[White "Olehnovics, Andrejs"]
[Black "Salmons, Calum"]
[Result "1-0"]
[WhiteElo "2035"]
[BlackElo "2065"]
[PlyCount "67"]
[EventDate "2020.05.12"]
[WhiteTeam "Oxford 2"]
[BlackTeam "Sussex Starlings"]

1. d4 Nf6 2. Nf3 e6 3. c4 b6 4. a3 Ba6 5. Qa4 c6 6. Nc3 Be7 7. e4 d5 8. cxd5
Bxf1 9. Kxf1 exd5 10. e5 Ne4 11. Qc2 Ng5 12. Qf5 Nxf3 13. Qxf3 O-O 14. Qg3 Kh8
15. h4 f6 16. Bf4 fxe5 17. Bxe5 Bf6 18. Re1 Nd7 19. Ne2 Bxe5 20. dxe5 Qc7 21.
Nf4 Nc5 22. h5 Rxf4 23. Qxf4 Nd3 24. Qf5 Nxe1 25. Kxe1 Re8 26. f4 Qe7 27. h6 g6
28. Qd3 Rf8 29. g3 g5 30. Qe3 gxf4 31. gxf4 Qf7 32. Rh4 Qf5 33. Qd4 Rd8 34. e6+
1-0

[Event "4NCL Online Division 2"]
[Site "online"]
[Date "2020.05.12"]
[Round "6.132"]
[White "Howell, Oliver W"]
[Black "Wilson, Edgar"]
[Result "0-1"]
[WhiteElo "2057"]
[BlackElo "2012"]
[PlyCount "88"]
[EventDate "2020.05.12"]
[WhiteTeam "Sussex Starlings"]
[BlackTeam "Oxford 2"]

1. Nf3 d5 2. d4 Nf6 3. Bg5 e6 4. e3 Be7 5. Bd3 h6 6. Bh4 O-O 7. O-O Nbd7 8.
Nbd2 b6 9. c3 Bb7 10. Ne5 Nxe5 11. dxe5 Ne4 12. Bxe7 Qxe7 13. f4 Rad8 14. Nb3
c5 15. Qe2 a5 16. Bxe4 dxe4 17. Rfd1 a4 18. Nd2 Rd3 19. Nc4 Rfd8 20. Nd6 f6 21.
Rxd3 exd3 22. Qxd3 fxe5 23. fxe5 Qg5 24. Qe2 Bc6 25. Rf1 Rf8 26. Rxf8+ Kxf8 27.
Qf2+ Kg8 28. Qg3 Qh5 29. h3 Qe2 30. Qf2 Qd1+ 31. Kh2 Qd5 32. Qg3 Qxa2 33. Qg6
Qd5 34. Qg3 b5 35. e4 Qd2 36. Qf3 Qg5 37. Qf7+ Kh7 38. Qxe6 b4 39. cxb4 cxb4
40. Qf7 Qxe5+ 41. g3 Qxd6 42. Qf5+ Qg6 43. Qc5 Qxe4 44. Qf2 Qh1# 0-1

[Event "4NCL Online Division 2"]
[Site "online"]
[Date "2020.05.12"]
[Round "6.133"]
[White "Finn, Chris"]
[Black "Sutton, Daniel"]
[Result "1/2-1/2"]
[WhiteElo "1877"]
[BlackElo "2005"]
[PlyCount "84"]
[EventDate "2020.05.12"]
[WhiteTeam "Oxford 2"]
[BlackTeam "Sussex Starlings"]

1. d4 Nf6 2. Nf3 d5 3. Bg5 e6 4. e3 Be7 5. Bd3 Nbd7 6. Nbd2 O-O 7. c3 h6 8. Bh4
b6 9. Qc2 Bb7 10. e4 dxe4 11. Nxe4 Nxe4 12. Bxe7 Qxe7 13. Bxe4 Bxe4 14. Qxe4
Nf6 15. Qe3 Rac8 16. O-O Rfd8 17. Rfe1 c5 18. Rad1 Nd5 19. Qe5 Qc7 20. dxc5
Qxc5 21. Nd4 Nf6 22. Qxc5 Rxc5 23. Nb3 Rcd5 24. Rd4 Kf8 25. Kf1 R8d6 26. Red1
e5 27. Rxd5 Rxd5 28. Rxd5 Nxd5 29. g3 f5 30. Ke2 Ke7 31. Kd3 Kd6 32. Nd2 g5 33.
Nc4+ Ke6 34. Ne3 Nxe3 35. Kxe3 Kd5 36. f3 b5 37. b3 h5 38. h3 a5 39. Kd3 Kc5
40. Ke3 Kd5 41. Kd3 Kc5 42. Ke3 Kd5 1/2-1/2

[Event "4NCL Online Division 2"]
[Site "online"]
[Date "2020.05.12"]
[Round "6.134"]
[White "Bennet-Stevens, Lucy"]
[Black "Terry, Sean"]
[Result "1/2-1/2"]
[WhiteElo "1975"]
[BlackElo "1931"]
[PlyCount "104"]
[EventDate "2020.05.12"]
[WhiteTeam "Sussex Starlings"]
[BlackTeam "Oxford 2"]

1. e4 c6 2. c4 g6 3. Nc3 d6 4. Nf3 Bg7 5. Be2 Nd7 6. O-O e5 7. d3 Ne7 8. Be3
O-O 9. Qc1 f5 10. Ng5 Nf6 11. f4 h6 12. fxe5 dxe5 13. Nf3 f4 14. Bc5 b6 15. Bf2
Ng4 16. b4 g5 17. h3 Nxf2 18. Rxf2 Ng6 19. b5 c5 20. Nd5 h5 21. Nh2 Be6 22.
Bxh5 Nh4 23. Bg4 Bxd5 24. cxd5 a5 25. Nf3 Bf6 26. a4 Nxf3+ 27. gxf3 Ra7 28.
Be6+ Kh8 29. Qf1 Rh7 30. Rg2 Kg7 31. Kf2 Rfh8 32. Rh2 Qe7 33. Ke2 Kh6 34. Qf2
Kg7 35. Rg1 Kf8 36. Rgg2 Rh4 37. Qf1 Ke8 38. Rg4 Kd8 39. Rxh4 Rxh4 40. Rg2 Kc7
41. Rg4 Rxg4 42. hxg4 c4 43. Qc1 Qc5 44. Qxc4 Qxc4 45. dxc4 Kd6 46. Kd3 Kc5 47.
Kc3 Be7 48. Bd7 Kd6 49. Bc6 Kc7 50. Kd3 Bb4 51. c5 Bxc5 52. Kc4 Kd6 1/2-1/2

[Event "4NCL Online Division 2"]
[Site "online"]
[Date "2020.05.12"]
[Round "6.141"]
[White "Hodgson, John H"]
[Black "Bak, Christopher"]
[Result "1/2-1/2"]
[WhiteElo "2117"]
[BlackElo "2095"]
[PlyCount "83"]
[EventDate "2020.05.12"]
[WhiteTeam "Streatham A"]
[BlackTeam "Bradford DCA Knights A"]

1. e4 e5 2. Nf3 Nc6 3. Bb5 a6 4. Ba4 Nge7 5. c3 g6 6. d4 exd4 7. cxd4 b5 8. Bc2
d5 9. exd5 Nxd5 10. O-O Be6 11. Nc3 Bg7 12. Bg5 Nxc3 13. bxc3 Qd7 14. Be4 f5
15. Bc2 Na5 16. Re1 O-O 17. Ne5 Bxe5 18. Rxe5 Nc4 19. Re1 Rfe8 20. Bb3 Rac8 21.
Bf4 c5 22. Bxc4 Bxc4 23. Be5 cxd4 24. cxd4 Qf7 25. Qd2 Rc6 26. Qh6 Rec8 27. h4
Bd5 28. Rec1 Rxc1+ 29. Rxc1 Rxc1+ 30. Qxc1 Qb7 31. Qg5 Bxa2 32. Qd8+ Kf7 33.
Qf6+ Ke8 34. Qh8+ Ke7 35. Qxh7+ Bf7 36. h5 gxh5 37. Qxf5 Qc6 38. Bf4 Qd5 39.
Bg5+ Kf8 40. Bh6+ Ke7 41. Bg5+ Kf8 42. Bh6+ 1/2-1/2

[Event "4NCL Online Division 2"]
[Site "online"]
[Date "2020.05.12"]
[Round "6.142"]
[White "Ther, Mate"]
[Black "Keane, Graham D J"]
[Result "1/2-1/2"]
[WhiteElo "2080"]
[BlackElo "2161"]
[PlyCount "34"]
[EventDate "2020.05.12"]
[WhiteTeam "Bradford DCA Knights A"]
[BlackTeam "Streatham A"]

1. e4 d6 2. d4 Nf6 3. Nc3 g6 4. Nf3 Bg7 5. Bc4 O-O 6. O-O Bg4 7. h3 Bxf3 8.
Qxf3 Nc6 9. Be3 e5 10. d5 Nd4 11. Qd1 c6 12. dxc6 bxc6 13. Bxd4 exd4 14. Qxd4
d5 15. exd5 Nxd5 16. Qc5 Nxc3 17. bxc3 Qb6 1/2-1/2

[Event "4NCL Online Division 2"]
[Site "online"]
[Date "2020.05.12"]
[Round "6.143"]
[White "Horton, Justin"]
[Black "Barker, Arron"]
[Result "1-0"]
[WhiteElo "2058"]
[BlackElo "1847"]
[PlyCount "75"]
[EventDate "2020.05.12"]
[WhiteTeam "Streatham A"]
[BlackTeam "Bradford DCA Knights A"]

1. d4 e6 2. c4 f5 3. g3 Nf6 4. Bg2 d5 5. Nf3 c6 6. O-O Be7 7. Nc3 Nbd7 8. Qc2
O-O 9. b3 Ne4 10. Bb2 Nxc3 11. Bxc3 Bf6 12. Rad1 b6 13. Ne5 Bxe5 14. dxe5 Ba6
15. Bb4 Rf7 16. Bd6 Rc8 17. Qc1 Nf6 18. Qa3 Bb7 19. exf6 Qxf6 20. f4 a5 21. Be5
Qg6 22. Rfe1 h5 23. Qc1 h4 24. Qe3 hxg3 25. Qxg3 Qh6 26. Qg5 Qxg5 27. fxg5 g6
28. e3 Rh7 29. Kf2 Kf7 30. Kg3 Re8 31. h4 Bc8 32. Bf3 Bd7 33. Rh1 Rg8 34. Bf6
Be8 35. h5 Kf8 36. hxg6 Rxh1 37. Rxh1 Bxg6 38. Bh5 1-0

[Event "4NCL Online Division 2"]
[Site "online"]
[Date "2020.05.12"]
[Round "6.144"]
[White "Holliday, John K"]
[Black "Bennett, John M"]
[Result "0-1"]
[WhiteElo "1798"]
[BlackElo "1995"]
[PlyCount "72"]
[EventDate "2020.05.12"]
[WhiteTeam "Bradford DCA Knights A"]
[BlackTeam "Streatham A"]

1. e4 d6 2. d4 g6 3. Nf3 Bg7 4. Nc3 Nf6 5. h3 O-O 6. Bd3 a6 7. a4 Nc6 8. O-O e5
9. dxe5 dxe5 10. Bg5 Be6 11. Qe2 h6 12. Bh4 g5 13. Bg3 Nh5 14. Bh2 Nf4 15. Bxf4
exf4 16. Rfd1 Qf6 17. Nd5 Bxd5 18. exd5 Rae8 19. Qd2 Ne5 20. Nxe5 Rxe5 21. c4
g4 22. hxg4 f3 23. g3 h5 24. Qf4 hxg4 25. Qxg4 Rfe8 26. Qh4 Qxh4 27. gxh4 Bf6
28. Kh2 Bxh4 29. Rg1+ Kh8 30. Raf1 Rh5 31. Kh3 Bxf2+ 32. Kg4 Rh4+ 33. Kxf3 Bxg1
34. Rxg1 Rh3+ 35. Rg3 Rxg3+ 36. Kxg3 Re3+ 0-1

[Event "4NCL Online Division 2"]
[Site "online"]
[Date "2020.05.12"]
[Round "6.151"]
[White "Pink, Joshua"]
[Black "Brown, Thomas"]
[Result "0-1"]
[WhiteElo "2042"]
[BlackElo "2129"]
[PlyCount "42"]
[EventDate "2020.05.12"]
[WhiteTeam "Throw in the Tal"]
[BlackTeam "Rhyfelwyr Essyllwg"]

1. e4 g6 2. h4 d5 3. Nc3 dxe4 4. Nxe4 Nf6 5. Nxf6+ exf6 6. Bc4 Nc6 7. h5 Ne5 8.
hxg6 Nxc4 9. Rxh7 Rxh7 10. gxh7 Bg7 11. Qh5 Ke7 12. b3 Nd6 13. Bb2 Be6 14.
O-O-O Qd7 15. Nf3 Rh8 16. Re1 Kd8 17. Ng5 Bg4 18. Qh4 Kc8 19. Ne4 Nxe4 20. Rxe4
Bf5 21. Rd4 Rxh7 0-1

[Event "4NCL Online Division 2"]
[Site "online"]
[Date "2020.05.12"]
[Round "6.152"]
[White "Hewitt, William"]
[Black "Ireland, David J"]
[Result "1/2-1/2"]
[WhiteElo "1997"]
[BlackElo "2020"]
[PlyCount "111"]
[EventDate "2020.05.12"]
[WhiteTeam "Rhyfelwyr Essyllwg"]
[BlackTeam "Throw in the Tal"]

1. e4 e6 2. d4 d5 3. Nc3 Nf6 4. e5 Nfd7 5. f4 c5 6. Nf3 Nc6 7. Be3 cxd4 8. Nxd4
Bc5 9. Qd2 a6 10. O-O-O Qc7 11. Qf2 Nxd4 12. Bxd4 b5 13. Bd3 Bxd4 14. Qxd4 Qc5
15. Ne2 Bb7 16. h4 Ke7 17. h5 g5 18. g3 h6 19. c3 Rhg8 20. f5 Qxd4 21. cxd4 f6
22. fxe6 Kxe6 23. exf6 Kxf6 24. Rhf1+ Kg7 25. g4 Nf6 26. Ng3 Bc8 27. Nf5+ Bxf5
28. Bxf5 Rge8 29. Rfe1 Rxe1 30. Rxe1 Re8 31. Rxe8 Nxe8 32. Be6 Nc7 33. Bf5 b4
34. Kd2 Nb5 35. Kd3 Kf6 36. Bd7 Nd6 37. a3 bxa3 38. bxa3 Nc4 39. Kc3 a5 40. a4
Ke7 41. Bb5 Nd6 42. Be2 Ne4+ 43. Kc2 Kd6 44. Bf3 Nf6 45. Kd3 Nd7 46. Kc3 Nb6
47. Kb3 Nc4 48. Be2 Nb6 49. Bd3 Nd7 50. Be2 Nf8 51. Kc3 Ne6 52. Bd1 Nf4 53. Bf3
Ne6 54. Bd1 Nf4 55. Bf3 Ne6 56. Bd1 1/2-1/2

[Event "4NCL Online Division 2"]
[Site "online"]
[Date "2020.05.12"]
[Round "6.153"]
[White "Graff, Ben"]
[Black "Heaven, Pete"]
[Result "1/2-1/2"]
[WhiteElo "1892"]
[BlackElo "1979"]
[PlyCount "45"]
[EventDate "2020.05.12"]
[WhiteTeam "Throw in the Tal"]
[BlackTeam "Rhyfelwyr Essyllwg"]

1. d4 c5 2. Nf3 cxd4 3. Nxd4 e5 4. Nf3 Nc6 5. e4 Nf6 6. Nbd2 Bc5 7. Bd3 O-O 8.
O-O d6 9. h3 h6 10. c3 a5 11. a4 Be6 12. Qc2 d5 13. exd5 Bxd5 14. Ne4 Bb6 15.
Nxf6+ Qxf6 16. Be4 Bxe4 17. Qxe4 Qe6 18. Nd2 Rac8 19. Re1 Rfe8 20. Qc4 Nd8 21.
Qxe6 Rxe6 22. Nb3 Nc6 23. Be3 1/2-1/2

[Event "4NCL Online Division 2"]
[Site "online"]
[Date "2020.05.12"]
[Round "6.154"]
[White "McGregor, John"]
[Black "Woolgar, Steven G"]
[Result "1-0"]
[WhiteElo "1868"]
[BlackElo "1615"]
[PlyCount "47"]
[EventDate "2020.05.12"]
[WhiteTeam "Rhyfelwyr Essyllwg"]
[BlackTeam "Throw in the Tal"]

1. e4 c5 2. Nc3 Nc6 3. Bb5 g6 4. f4 Bg7 5. Nf3 a6 6. Bxc6 bxc6 7. O-O Nf6 8. d3
d6 9. Ne2 O-O 10. Ng3 Nd7 11. f5 Rb8 12. Rb1 d5 13. b3 a5 14. a4 Nb6 15. Bd2
Nd7 16. Qe1 Ra8 17. Bc3 d4 18. Bd2 Ne5 19. Nxe5 Bxe5 20. Bh6 Bg7 21. Qd2 Qd6
22. Bxg7 Kxg7 23. Qg5 Qf6 24. Nh5+ 1-0

[Event "4NCL Online Division 2"]
[Site "online"]
[Date "2020.05.12"]
[Round "6.161"]
[White "Burrows, Martin P"]
[Black "Starley, Robert"]
[Result "1/2-1/2"]
[WhiteElo "2125"]
[BlackElo "2147"]
[PlyCount "111"]
[EventDate "2020.05.12"]
[WhiteTeam "Wigston 1"]
[BlackTeam "Yorkshire Universities"]

1. e4 e5 2. Nf3 Nc6 3. d4 exd4 4. Nxd4 Nf6 5. Nxc6 bxc6 6. e5 Qe7 7. Qe2 Nd5 8.
c4 Nb6 9. Nc3 d6 10. exd6 cxd6 11. Be3 Be6 12. b3 d5 13. c5 Nd7 14. Rc1 Nxc5
15. Nxd5 Bxd5 16. Rxc5 Qe4 17. Rc1 Ba3 18. Rd1 O-O 19. f3 Qh4+ 20. g3 Qf6 21.
Bg2 Rfe8 22. Kf2 Bc5 23. Bxc5 Rxe2+ 24. Kxe2 Re8+ 25. Be3 Qe5 26. Rhe1 Qb2+ 27.
Rd2 Qc3 28. Rd3 Qc2+ 29. Rd2 Qc5 30. Kf2 Qc3 31. Rde2 a5 32. Rc1 Qd3 33. Rce1
f6 34. Bf1 Qf5 35. Bg2 Kf7 36. Bb6 Rxe2+ 37. Rxe2 Be6 38. g4 Qb5 39. Be3 a4 40.
bxa4 Qxa4 41. Rb2 Bxa2 42. Rb7+ Kg6 43. h4 h5 44. Bh3 hxg4 45. Bxg4 Qc2+ 46.
Kg3 f5 47. h5+ Kh7 48. h6 fxg4 49. Rxg7+ Kh8 50. Bd4 gxf3 51. Ra7+ Kg8 52. h7+
Qxh7 53. Rxh7 Kxh7 54. Kxf3 Kg6 55. Ke3 Kf5 56. Bb2 1/2-1/2

[Event "4NCL Online Division 2"]
[Site "online"]
[Date "2020.05.12"]
[Round "6.162"]
[White "Wagg, Joel"]
[Black "Horspool, Philip J"]
[Result "1-0"]
[WhiteElo "1967"]
[BlackElo "2057"]
[PlyCount "123"]
[EventDate "2020.05.12"]
[WhiteTeam "Yorkshire Universities"]
[BlackTeam "Wigston 1"]

1. e4 e5 2. Nf3 Nc6 3. Bb5 Bc5 4. O-O Nd4 5. Nxd4 Bxd4 6. c3 Bb6 7. d4 c6 8.
Ba4 d6 9. dxe5 dxe5 10. Qxd8+ Bxd8 11. Nd2 Nf6 12. h3 Be6 13. Bc2 Bb6 14. Nf3
Nd7 15. Re1 f6 16. a4 a5 17. Bd2 Ke7 18. Nh2 Rhd8 19. Nf1 Nf8 20. Rad1 Rd7 21.
Be3 Bxe3 22. Nxe3 Rad8 23. Kf1 Ng6 24. Nf5+ Bxf5 25. exf5 Nf4 26. Rxd7+ Rxd7
27. Rd1 Rxd1+ 28. Bxd1 Kd6 29. h4 Kc5 30. g3 Nd3 31. b3 Nb2 32. Bc2 b5 33. axb5
cxb5 34. Ke2 a4 35. Kd2 axb3 36. Bxb3 Nc4+ 37. Kd3 e4+ 38. Ke2 h5 39. Ba2 Kd6
40. Bxc4 bxc4 41. f4 exf3+ 42. Kxf3 Kc6 43. g4 hxg4+ 44. Kxg4 Kd6 45. Kh5 Ke7
46. Kg6 Kf8 47. h5 Kg8 48. h6 gxh6 49. Kxh6 Kf7 50. Kh7 Ke8 51. Kg7 Ke7 52. Kg6
Ke8 53. Kxf6 Kf8 54. Ke6 Ke8 55. Kd5 Ke7 56. Kxc4 Kf6 57. Kb5 Kxf5 58. Kb6 Ke6
59. c4 Kd7 60. c5 Kc8 61. Kc6 Kb8 62. Kd7 1-0

[Event "4NCL Online Division 2"]
[Site "online"]
[Date "2020.05.12"]
[Round "6.163"]
[White "Morley, Andrew J"]
[Black "Lopez Cadenas, Nestor"]
[Result "1/2-1/2"]
[WhiteElo "2065"]
[BlackElo "1933"]
[PlyCount "90"]
[EventDate "2020.05.12"]
[WhiteTeam "Wigston 1"]
[BlackTeam "Yorkshire Universities"]

1. e4 e6 2. d4 d5 3. e5 c5 4. c3 Nc6 5. Nf3 Qb6 6. Bd3 Bd7 7. dxc5 Bxc5 8. Qe2
f6 9. b4 Be7 10. b5 Nxe5 11. Nxe5 fxe5 12. Qh5+ Kd8 13. Qxe5 Bf6 14. Qe2 Rc8
15. O-O Ne7 16. a4 Nf5 17. Bd2 e5 18. Rd1 Nd6 19. Na3 e4 20. Bc2 Qc5 21. Bb3
Be6 22. Bf4 Bxc3 23. Ra2 Re8 24. h3 d4 25. Bxe6 Rxe6 26. Qg4 Qf5 27. Qh4+ Ke8
28. b6 a6 29. Nb1 Nf7 30. Qg3 g5 31. Bc7 Rc6 32. Re2 Kf8 33. Nd2 d3 34. Re3
Bxd2 35. Rxd2 Re8 36. a5 h5 37. f3 h4 38. Qf2 exf3 39. Rxf3 Qe6 40. Rdxd3 Kg8
41. Rfe3 Rc1+ 42. Kh2 Qc6 43. Rxe8+ Qxe8 44. Qf6 Qe1 45. Qg6+ Kf8 1/2-1/2

[Event "4NCL Online Division 2"]
[Site "online"]
[Date "2020.05.12"]
[Round "6.164"]
[White "Chen, Matthew"]
[Black "Lv, Jason"]
[Result "0-1"]
[WhiteElo "1892"]
[BlackElo "1907"]
[PlyCount "40"]
[EventDate "2020.05.12"]
[WhiteTeam "Yorkshire Universities"]
[BlackTeam "Wigston 1"]

1. e4 e5 2. Nf3 Nc6 3. Bb5 Nge7 4. O-O g6 5. d3 Bg7 6. c3 O-O 7. Bg5 h6 8. Be3
d6 9. Nbd2 f5 10. exf5 gxf5 11. Nb1 Qe8 12. Ne1 f4 13. Bc1 Qg6 14. f3 Kh8 15.
Nd2 Nf5 16. Ne4 d5 17. Nf2 h5 18. c4 Ncd4 19. Ba4 Ne3 20. Bxe3 fxe3 0-1

[Event "4NCL Online Division 2"]
[Site "online"]
[Date "2020.05.19"]
[Round "7.11"]
[White "White, Russell P"]
[Black "Gardner, James"]
[Result "1-0"]
[WhiteElo "2117"]
[BlackElo "2132"]
[PlyCount "97"]
[EventDate "2020.05.19"]
[WhiteTeam "Anglian Avengers 2"]
[BlackTeam "MK Phoenix 1"]

1. e4 e5 2. Nf3 Nf6 3. Nc3 Nc6 4. d3 Bc5 5. Be2 a6 6. Bg5 h6 7. Bh4 g5 8. Bg3
d6 9. Nd5 Nxd5 10. exd5 Ne7 11. c4 f5 12. Nxe5 dxe5 13. Bh5+ Kf8 14. Bxe5 Rg8
15. O-O Ng6 16. Bxg6 Rxg6 17. Qh5 Kf7 18. Rae1 g4 19. Bf4 Bd6 20. Bd2 Kg7 21.
Re2 Bd7 22. b4 Be7 23. Rfe1 Bf6 24. Bf4 Kh7 25. c5 Rc8 26. g3 Qg8 27. Re7+ Bxe7
28. Rxe7+ Qg7 29. Rxg7+ Kxg7 30. h3 gxh3 31. Qxh3 Kh7 32. Qh4 Re8 33. Bxc7 Bb5
34. Qd4 Rg4 35. Bf4 Rg7 36. Be3 Rg4 37. Qf6 Rxb4 38. Qxh6+ Kg8 39. Qg6+ Kf8 40.
Bh6+ Ke7 41. Qxf5 Rb1+ 42. Kg2 Kd8 43. Bg5+ Kc7 44. Bf4+ Kd8 45. Qf7 Bd7 46.
Qf6+ Kc8 47. Qd6 Kd8 48. c6 bxc6 49. dxc6 1-0

[Event "4NCL Online Division 2"]
[Site "online"]
[Date "2020.05.19"]
[Round "7.12"]
[White "Brown, Alan M"]
[Black "Bui, Kyan"]
[Result "1/2-1/2"]
[WhiteElo "2008"]
[BlackElo "2057"]
[PlyCount "61"]
[EventDate "2020.05.19"]
[WhiteTeam "MK Phoenix 1"]
[BlackTeam "Anglian Avengers 2"]

1. d4 d5 2. c4 e6 3. Nf3 Nf6 4. Bg5 Be7 5. e3 O-O 6. Nc3 b6 7. Rc1 Bb7 8. cxd5
Nxd5 9. Bxe7 Qxe7 10. Bd3 Nf6 11. O-O Nbd7 12. Be2 c5 13. dxc5 Nxc5 14. b4 Rfd8
15. Qc2 Nce4 16. Nxe4 Bxe4 17. Qb2 Rac8 18. Ne5 Nd7 19. Nxd7 Qxd7 20. Rfd1 Qe7
21. Rxd8+ Qxd8 22. Rc3 Rxc3 23. Qxc3 h6 24. g3 Qd5 25. Qc4 Qxc4 26. Bxc4 Kf8
27. Kf1 Ke7 28. Ke2 Kd6 29. f4 g5 30. Kd2 f6 31. Kc3 1/2-1/2

[Event "4NCL Online Division 2"]
[Site "online"]
[Date "2020.05.19"]
[Round "7.13"]
[White "Hampton, Christopher"]
[Black "Cox, Toby"]
[Result "0-1"]
[WhiteElo "1982"]
[BlackElo "2020"]
[PlyCount "86"]
[EventDate "2020.05.19"]
[WhiteTeam "Anglian Avengers 2"]
[BlackTeam "MK Phoenix 1"]

1. d4 e6 2. c4 f5 3. Nc3 Nf6 4. f3 Bb4 5. Bd2 O-O 6. a3 Bxc3 7. Bxc3 b6 8. e3
Bb7 9. Nh3 Nh5 10. Qd2 Qh4+ 11. Qf2 Qxf2+ 12. Nxf2 d6 13. Bd3 Nd7 14. O-O e5
15. b4 Rae8 16. d5 f4 17. Bd2 fxe3 18. Bxe3 Nf4 19. Bxf4 Rxf4 20. Ne4 h6 21.
Ra2 Rf7 22. Raf2 Nf6 23. Ng3 Ref8 24. Bg6 Re7 25. Nf5 Rd7 26. Ng3 b5 27. Bf5
Re7 28. Be6+ Rxe6 29. dxe6 bxc4 30. Ne4 Bxe4 31. fxe4 Re8 32. Rc2 Nxe4 33. Rf7
Rxe6 34. Rxc7 d5 35. Rxa7 c3 36. Kf1 d4 37. Ke2 Rf6 38. Kd3 Nf2+ 39. Rxf2 Rxf2
40. Re7 Rd2+ 41. Ke4 c2 42. Rc7 d3 43. Ke3 Rd1 0-1

[Event "4NCL Online Division 2"]
[Site "online"]
[Date "2020.05.19"]
[Round "7.14"]
[White "Hunt, Peter"]
[Black "Marshall, Michael"]
[Result "1-0"]
[WhiteElo "2020"]
[BlackElo "1840"]
[PlyCount "75"]
[EventDate "2020.05.19"]
[WhiteTeam "MK Phoenix 1"]
[BlackTeam "Anglian Avengers 2"]

1. e4 c5 2. c4 Nc6 3. Nf3 e5 4. d3 d6 5. Nc3 Be7 6. Be2 f5 7. exf5 Bxf5 8. Nd5
Nf6 9. Nxe7 Qxe7 10. Bd2 O-O 11. O-O Qd7 12. Bc3 a6 13. Re1 Rfe8 14. Nd2 Nd4
15. Bxd4 exd4 16. Qb3 Rab8 17. Bf3 Rxe1+ 18. Rxe1 Bg4 19. Bxg4 Nxg4 20. h3 Nf6
21. Ne4 Nxe4 22. Rxe4 b6 23. Qd1 Re8 24. Qe2 Rxe4 25. Qxe4 Qd8 26. a4 a5 27. g4
h6 28. Kg2 Kf7 29. f4 Qe7 30. Qxe7+ Kxe7 31. Kf3 g6 32. Ke4 Ke6 33. h4 Ke7 34.
f5 gxf5+ 35. Kxf5 Kf7 36. b3 Kg7 37. Ke6 Kg6 38. Kxd6 1-0

[Event "4NCL Online Division 2"]
[Site "online"]
[Date "2020.05.19"]
[Round "7.21"]
[White "Madden, Paul"]
[Black "Brady, Stephen"]
[Result "1/2-1/2"]
[WhiteElo "2117"]
[BlackElo "2287"]
[PlyCount "93"]
[EventDate "2020.05.19"]
[WhiteTeam "Ashfield Anonymous A"]
[BlackTeam "St Benildus A"]

1. e4 d6 2. d4 Nf6 3. Nc3 g6 4. Nf3 Bg7 5. Be2 O-O 6. O-O c6 7. Bf4 Nbd7 8. Qd2
Qc7 9. Bh6 e5 10. Rad1 b5 11. b4 a5 12. a3 Re8 13. Bxg7 Kxg7 14. d5 axb4 15.
axb4 c5 16. Nxb5 Qb6 17. Qe3 Ba6 18. bxc5 Qxc5 19. Nd2 Reb8 20. c4 Bxb5 21.
cxb5 Qxe3 22. fxe3 Nc5 23. Ra1 Nfxe4 24. Nxe4 Nxe4 25. Ra6 Nc3 26. Bc4 Rxa6 27.
bxa6 Rb4 28. Ra1 Rxc4 29. a7 Rc8 30. a8=Q Rxa8 31. Rxa8 Nxd5 32. Kf2 Kf6 33. e4
Ne7 34. g4 d5 35. Ra6+ Kg7 36. exd5 Nxd5 37. Ra5 Nf4 38. Kf3 Kf6 39. h4 h5 40.
g5+ Kf5 41. Ra7 f6 42. gxf6 Kxf6 43. Ke4 Ng2 44. Ra6+ Kg7 45. Kxe5 Nxh4 46.
Ra7+ Kh6 47. Kf6 1/2-1/2